Which States Spend Most on Education? Whammies! - Statistics

General Stats
  • This quiz has been taken 36 times
  • The average score is 6 of 10
Answer Stats
Answer % Correct
Massachusetts
83%
New York
83%
Rhode Island
79%
Vermont
75%
Connecticut
71%
New Hampshire
71%
New Jersey
71%
Pennsylvania
46%
Delaware
42%
Alaska
4%
No matching quizzes found
Score Distribution
Percent of People with Each Score
Percentile by Number Answered
Your Score History
You have not taken this quiz